|
|
|
|
| LEADER |
00000nam0a2200000 4500 |
| 001 |
341876 |
| 005 |
20231102005408.0 |
| 010 |
|
|
|a 576543245X
|
| 035 |
|
|
|a (RuTPU)RU\TPU\book\370172
|
| 090 |
|
|
|a 341876
|
| 100 |
|
|
|a 20181029d2003 m y0rusy50 ca
|
| 101 |
0 |
|
|a rus
|
| 102 |
|
|
|a RU
|
| 105 |
|
|
|a y z 000ay
|
| 200 |
1 |
|
|a Искушение Ворона
|e роман
|f Д. Вересов
|
| 210 |
|
|
|a Санкт-Петербург
|c Нева
|d 2003
|
| 215 |
|
|
|a 381 с.
|
| 225 |
1 |
|
|a Огни большого города
|
| 330 |
|
|
|a Перед вами седьмая книга из поистине народного сериала "ЧЕРНЫЙ ВОРОН", полюбившегося миллионам читателей и телезрителей. Шлейф чужих и своих грехов тянется за блистательной леди Морвен, когда-то бывшей Таней Захаржевской. Судьба уже назначила ей час предстать перед Судом, а пока Татьяна должна исправить ошибки прошлого. Оказалось, что творить благие дела - тяжкий труд, ведь для начала леди Морвен нужно перешагнуть через гордость и спасти от верной смерти собственного палача... Татьяне Лариной в который раз предстоит воскреснуть из пепла, как птице феникс и начать все заново. Но жизнь и успех любят стойких, щедро осыпая их своими милостями. Перед Татьяной распахнул свои двери вечно молодой Голливуд, нравы в котором едва ли сильно изменились еще со времен Мерилин Монро. Чтобы выжить в этой ярмарке тщеславия, Татьяне необходимо превзойти саму себя.
|
| 606 |
1 |
|
|a Русская литература современная
|2 stltpush
|3 (RuTPU)RU\TPU\subj\26373
|9 50316
|
| 610 |
1 |
|
|a художественная литература
|
| 610 |
1 |
|
|a любовь
|
| 610 |
1 |
|
|a романы
|
| 610 |
1 |
|
|a киносценарии
|
| 675 |
|
|
|a Р2
|v 4
|
| 700 |
|
1 |
|a Вересов
|b Д.
|g Дмитрий
|
| 801 |
|
1 |
|a RU
|b 63413507
|c 20181029
|
| 801 |
|
2 |
|a RU
|b 63413507
|c 20181121
|g RCR
|
| 942 |
|
|
|c BK
|